|
|
|
|
| LEADER |
00000nam0a2200000 4500 |
| 001 |
10905 |
| 005 |
20241209165339.0 |
| 010 |
|
|
|a 5888600474
|
| 035 |
|
|
|a (RuTPU)RU\TPU\book\10972
|
| 035 |
|
|
|a BOOK00011038
|
| 090 |
|
|
|a 10905
|
| 100 |
|
|
|a 20011209d1998 m y0rusy50 ca
|
| 101 |
0 |
|
|a rus
|
| 102 |
|
|
|a RU
|
| 105 |
|
|
|a y j 000zy
|
| 200 |
1 |
|
|a История России. Россия в мировой цивилизации
|e учебное пособие
|f Под ред. А. А. Радугина
|
| 210 |
|
|
|a Москва
|c Центр
|d 1998
|
| 215 |
|
|
|a 352 с.
|
| 225 |
1 |
|
|a Alma mater
|
| 451 |
|
1 |
|0 (RuTPU)RU\TPU\book\45157
|y 5-88860-041-5
|t История России
|c М.
|n Центр
|d 2001
|p 352 с.
|
| 451 |
|
1 |
|0 (RuTPU)RU\TPU\book\4189
|y 5-88860-016-4
|t Россия в мировой цивилизации
|o Курс лекций
|f Под ред. А. А. Радугина
|c М.
|n Центр
|d 1997
|p 342 с.
|s Alma mater
|
| 451 |
|
|
|t История России (Россия в мировой цивилизации)
|o учебное пособие
|f Под ред. А. А. Радугина
|
| 606 |
|
|
|a Россия
|x История
|9 81526
|
| 610 |
1 |
|
|a учебные пособия
|
| 686 |
|
|
|a Т3(2)я73
|2 rubbk
|
| 702 |
|
1 |
|a Радугин
|b А. А.
|4 340
|
| 801 |
|
0 |
|a RU
|b 63413507
|c 20011209
|g PSBO
|
| 801 |
|
2 |
|a RU
|b 63413507
|c 20181219
|g PSBO
|
| 942 |
|
|
|c BK
|